| 000 | nam a22 a 4500 | ||
|---|---|---|---|
| 999 |
_c182477 _d182477 |
||
| 003 | BLK | ||
| 005 | 20221207095542.0 | ||
| 008 | 180411b bul|||||r ||||||| ||bul|| | ||
| 010 | _aKNG00191402000 | ||
| 040 | _aBLK | ||
| 041 |
_aBUL _cBUL |
||
| 080 |
_aНемска литература _b821.112.2 _x-31 _z821.112.2-31 |
||
| 100 | 1 |
_aДегенхарт, Франц Йозеф _eпърви автор _959269 |
|
| 139 |
_aДегенхарт, Франц Йозеф _bД 32 |
||
| 245 | 1 | 0 |
_aПепелища _bРоман _cФранц Йозеф Дегенхарт; прев. от нем. Елена Николова-Руж. |
| 257 | _aBGR | ||
| 260 |
_bХристо Г. Данов _c1980 _fВарна : Ст. Добрев-Странджата _aПловдив |
||
| 300 |
_a208 с. _c22 см |
||
| 380 | _aX | ||
| 500 | _aОриг. загл. Brandstellen. - 60 200 тир. | ||
| 700 | 1 |
_aНиколова-Руж, Елена _eпрев. от нем. _9367610 |
|
| 852 |
_aЦб 105135 _bЦб |
||
| 942 |
_cKNG _n0 _s1 |
||
| 944 |
_aCR _c04.10.2016 _kНора_Радева |
||
| 944 |
_aED _c2022-12-07 _kРенета Константинова |
||